| 000 | 02179nam a2200517Ii 4500 | ||
|---|---|---|---|
| 001 | DIGVIETO087 | ||
| 003 | NyNyDIG | ||
| 007 | cr ||||||||||| | ||
| 008 | 211118s2018 sp ob 000 0 spa d | ||
| 006 | m o d | ||
| 035 | _a(OCoLC)1155427858 | ||
| 040 |
_aDGITA _beng _erda _epn _cDGITA |
||
| 020 | _z9788416995745 | ||
| 041 | 1 |
_aspa _hita |
|
| 043 |
_ae-gw--- _ae-uk-en _ae-fr--- |
||
| 050 | 1 | 4 | _aHX39 ebook |
| 082 | 1 | 4 | _a335.4 |
| 130 | 0 |
_aRapporti informativi della polizia segreta su Karl Marx. _lSpanish _s(Vivanco) |
|
| 245 | 1 | 0 |
_aEspiando a Marx : _binformes de la policía secreta y otros documentos sobre Karl Marx / _cG. Tridon (ed.) ; traducción de Juan Vivanco. |
| 264 | 1 |
_aBarcelona : _bEl Viejo Topo, _c[2018] |
|
| 300 | _a1 online resource. | ||
| 336 |
_atext _btxt _2rdacontent |
||
| 337 |
_acomputer _bc _2rdamedia |
||
| 338 |
_aonline resource _bcr _2rdacarrier |
||
| 347 |
_atext file _2rdaft |
||
| 347 | _bPDF | ||
| 504 | _aIncludes bibliographical references. | ||
| 588 | 0 | _aOnline resource; title from PDF title page (Digitalia, viewed November 18, 2021) | |
| 600 | 1 | 0 |
_aMarx, Karl, _d1818-1883. |
| 650 | 0 |
_aIntelligence service _zGermany _zPrussia _y19th century. |
|
| 650 | 0 |
_aIntelligence service _zEngland _zLondon _y19th century. |
|
| 650 | 0 |
_aIntelligence service _zFrance _zParis _y19th century. |
|
| 650 | 0 |
_aSecret service _zGermany _zPrussia _y19th century. |
|
| 650 | 0 |
_aSecret service _zEngland _zLondon _y19th century. |
|
| 650 | 0 |
_aSecret service _zFrance _zParis _y19th century. |
|
| 655 | 0 | _aElectronic books. | |
| 700 | 1 |
_aTridon, G., _eeditor. |
|
| 700 | 1 |
_aVivanco, Juan _q(Vivanco Gefaell), _etranslator. |
|
| 730 | 0 |
_iTranslation of: _aRapporti informativi della polizia segreta su Karl Marx. |
|
| 791 | 2 |
_aDigitalia (Firm), _edistributor. |
|
| 793 | 0 |
_gDigitalia eBook Collection: _aEl Viejo Topo |
|
| 776 | 0 | 8 |
_iPrint version: _aRapporti informativi della polizia segreta su Karl Marx. Spanish (Vivanco). _tEspiando a Marx. _dBarcelona : El Viejo Topo, [2018] _z9788416995745 |
| 856 | 4 | 0 |
_3Digitalia Hispánica _uhttps://www.digitaliapublishing.com/a/57682/ |
| 910 | _aPremium collection: 2021 | ||
| 942 | _cRAA | ||
| 999 |
_c255459 _d255459 |
||